<?xml version="1.0" encoding="UTF-8"?>
<record
    xmlns:xsi="http://www.w3.org/2001/XMLSchema-instance"
    xsi:schemaLocation="http://www.loc.gov/MARC21/slim http://www.loc.gov/standards/marcxml/schema/MARC21slim.xsd"
    xmlns="http://www.loc.gov/MARC21/slim">

  <leader>03083cam a22003375a 4500</leader>
  <controlfield tag="001">16901916</controlfield>
  <controlfield tag="005">20171029112655.0</controlfield>
  <controlfield tag="008">110803r20122003enka   frb    001 0 eng d</controlfield>
  <datafield tag="010" ind1=" " ind2=" ">
    <subfield code="a">  2011033032</subfield>
  </datafield>
  <datafield tag="020" ind1=" " ind2=" ">
    <subfield code="a">9780199698356 (pbk.)</subfield>
  </datafield>
  <datafield tag="040" ind1=" " ind2=" ">
    <subfield code="a">DLC</subfield>
    <subfield code="b">eng</subfield>
    <subfield code="c">DLC</subfield>
    <subfield code="d">EG-ScBUE</subfield>
  </datafield>
  <datafield tag="082" ind1="0" ind2="4">
    <subfield code="a">362.110289</subfield>
    <subfield code="b">DAM</subfield>
    <subfield code="2">22</subfield>
  </datafield>
  <datafield tag="100" ind1="1" ind2=" ">
    <subfield code="a">Damani, N. N.</subfield>
    <subfield code="q">(Nizam N.)</subfield>
  </datafield>
  <datafield tag="245" ind1="1" ind2="0">
    <subfield code="a">Manual of infection prevention and control /</subfield>
    <subfield code="c">Nizam Damani ; foreword by Didier Pittet.</subfield>
  </datafield>
  <datafield tag="246" ind1="3" ind2="0">
    <subfield code="a">Infection prevention and control</subfield>
  </datafield>
  <datafield tag="250" ind1=" " ind2=" ">
    <subfield code="a">3rd ed.</subfield>
  </datafield>
  <datafield tag="260" ind1=" " ind2=" ">
    <subfield code="a">Oxford ;</subfield>
    <subfield code="a">New York :</subfield>
    <subfield code="b">Oxford University Press,</subfield>
    <subfield code="c">2012.</subfield>
  </datafield>
  <datafield tag="300" ind1=" " ind2=" ">
    <subfield code="a">xxiv, 374 p. :</subfield>
    <subfield code="b">ill. ;</subfield>
    <subfield code="c">24 cm.</subfield>
  </datafield>
  <datafield tag="500" ind1=" " ind2=" ">
    <subfield code="a">Originally published : Manual of infection control procedures. 2nd ed. Cambridge : Cambridge University Press, 2006.</subfield>
  </datafield>
  <datafield tag="504" ind1=" " ind2=" ">
    <subfield code="a">Includes bibliographical references and index.</subfield>
  </datafield>
  <datafield tag="505" ind1="8" ind2=" ">
    <subfield code="a">Machine generated contents note: -- Foreword, Professor Didier Pittet -- Preface -- Abbreviations -- Glossary of Infection Control Terms -- 1. Basic Concepts -- 2. Administrative Arrangement -- 3. Surveillance -- 4. Outbreak Management -- 5. Epidemiology &amp; Biostatistics -- 6. Disinfection And Sterilisation -- 7. Isolation Precautions -- 8. Hand Hygiene -- 9. Personal Protective Equipment -- 10. Control Of Multi-Resistant Microorganisms -- 11. Special Pathogens -- 12. Intravascular Catheter-Related Infections -- 13. Catheter-Associated Urinary Tract Infections -- 14. Ventilator -Associated Pneumonias -- 15. Surgical Site Infections -- 16. Staff Health -- 17. Primary And Community Health Care Facilities -- 18. Support Services -- 19. Health Estates -- 20. Information Resource -- Index.</subfield>
  </datafield>
  <datafield tag="520" ind1=" " ind2=" ">
    <subfield code="a">"It has been estimated that in developed countries up to 10% of hospitalized patients develop infections every year. Not only is there a substantial cost to healthcare systems, but some healthcare associated infections (HCIAs) can be fatal. Since the majority of HCIAs are preventable, reducing HCIAs is now considered to be an integral part of patient safety and quality of care provided by all healthcare institutions worldwide.  Unlike other books on infection control, the main strength of this book is to provide clear, up-to-date and practical guidance in infection control in an easy to read format which can act as a quick source of reference on all aspects of HCIA for healthcare workers who are either directly or indirectly involved in prevention and control of HCIAs. Although the book's main audience is infection control practitioners such as doctors, nurses, public health physicians, it is also a valuable reference for environmental health officers, health educators, practice managers in GP surgeries, and health service managers"--</subfield>
  </datafield>
  <datafield tag="650" ind1=" " ind2="7">
    <subfield code="a">Nosocomial infections</subfield>
    <subfield code="x">Prevention.</subfield>
    <subfield code="2">BUEsh</subfield>
  </datafield>
  <datafield tag="650" ind1=" " ind2="7">
    <subfield code="a">Hospital buildings</subfield>
    <subfield code="x">Disinfection.</subfield>
    <subfield code="2">BUEsh</subfield>
  </datafield>
  <datafield tag="651" ind1=" " ind2=" ">
    <subfield code="2">BUEsh</subfield>
  </datafield>
  <datafield tag="653" ind1=" " ind2=" ">
    <subfield code="b">NNUR</subfield>
    <subfield code="c">October2017</subfield>
  </datafield>
  <datafield tag="655" ind1=" " ind2=" ">
    <subfield code="v">Reading book</subfield>
    <subfield code="9">34232</subfield>
  </datafield>
  <datafield tag="700" ind1="1" ind2=" ">
    <subfield code="a">Damani, N. N.</subfield>
    <subfield code="q">(Nizam N.)</subfield>
    <subfield code="t">Manual of infection control procedures.</subfield>
  </datafield>
  <datafield tag="700" ind1="1" ind2=" ">
    <subfield code="a">Pittet, Didier, </subfield>
    <subfield code="e">author of introduction, etc.</subfield>
  </datafield>
  <datafield tag="942" ind1=" " ind2=" ">
    <subfield code="2">ddc</subfield>
  </datafield>
  <datafield tag="999" ind1=" " ind2=" ">
    <subfield code="c">25511</subfield>
    <subfield code="d">25483</subfield>
  </datafield>
  <datafield tag="952" ind1=" " ind2=" ">
    <subfield code="0">0</subfield>
    <subfield code="1">0</subfield>
    <subfield code="2">ddc</subfield>
    <subfield code="4">0</subfield>
    <subfield code="7">0</subfield>
    <subfield code="8">Baccah</subfield>
    <subfield code="a">MAIN</subfield>
    <subfield code="b">MAIN</subfield>
    <subfield code="c">1ST</subfield>
    <subfield code="d">2017-10-29</subfield>
    <subfield code="e">Purchase</subfield>
    <subfield code="g">920.00</subfield>
    <subfield code="l">5</subfield>
    <subfield code="m">5</subfield>
    <subfield code="o">362.110289 DAM</subfield>
    <subfield code="p">000042302</subfield>
    <subfield code="r">2025-07-15 00:00:00</subfield>
    <subfield code="s">2020-02-11</subfield>
    <subfield code="y">BB</subfield>
  </datafield>
</record>
